Welcome to the Holygrace Academy Library

Please use search bar below to get started

QUESTION BANK IN MATHEMATICS (Record no. 637)

MARC details
000 -LEADER
fixed length control field 00380nam a22001337a 4500
020 ## - INTERNATIONAL STANDARD BOOK NUMBER
ISBN 978-81-8296-282-8
082 ## - DEWEY DECIMAL CLASSIFICATION NUMBER
Classification number 510
Item number AGG/Q
100 ## - MAIN ENTRY--AUTHOR NAME
Personal name M.L.AGGARWAL, R.G.GUPTA
245 ## - TITLE STATEMENT
Title QUESTION BANK IN MATHEMATICS
Remainder of title CLASS XII
260 ## - PUBLICATION, DISTRIBUTION, ETC. (IMPRINT)
Place of publication DELHI
Name of publisher ARYA PUBLISHING COMPANY
Year of publication 2008
300 ## - PHYSICAL DESCRIPTION
Number of Pages 512
650 ## - SUBJECT ADDED ENTRY--TOPICAL TERM
Topical Term MATHS QUESTION BANK, MODEL QUESTION PAPERS FOR CLASS XII
Geographic subdivision INDIA
942 ## - ADDED ENTRY ELEMENTS (KOHA)
Koha item type Books
Holdings
Withdrawn status Lost status Collection code Home library Current library Shelving location Date acquired Source of acquisition Cost, normal purchase price Full call number Accession Number Koha item type
    Reference Main Library Main Library SHELF-10 D PLUS 2 -MATHS 16/06/2009 purchase 260.00 510 AGG/Q 04623 Books